Normal view
MARC view
- Levy, Aura,
Entry Nombre Personal
001 - NUMERO DE CONTROL
- campo de control: 43870
003 - IDENTIFICADOR DE NUMERO DE CONTROL
- campo de control: UPN
005 - FECHA Y HORA DE LA ÜLTIMA TRANSACCIÓN
- campo de control: 20220303124204.0
008 - DATOS DE LONGITUD FIJA
- campo de control de longitud fija: 220303|| aca||aabn | a|a d
040 ## - FUENTE DE CATALOGACIÓN
- Agencia original de catalogación: UPN
- Lenguaje de catalogación: spa
- Agencia de transcripción: UPN
100 1# - ENCABEZAMIENTO - NOMBRE PERSONAL
- Nombre personal: Levy, Aura,
- Término de relación: tr.
